000 nam a22 a 4500
999 _c421517
_d421517
003 BLK
005 20210625091057.0
008 200315b bul|||||r ||||||| ||bul||
040 _aBLK
041 _aBUL
_cBUL
080 _aДатска литература
_b821.113.4
_x-93-32
_z821.113.4 -93-32
100 _aЕвалд, Карл
_eпърви автор
_9458804
139 _aЕвалд, Карл
245 1 0 _aКорали
_cКарл Евалд ; Прев. Г. Бакалов
257 _aBGR
260 _aСофия
_bХемус
_c[1919]
300 _a39 с.
_bс ил
_c15 см
380 _aDX
490 _aИлюстр. малка библиотека за ученици и ученички от прогимназиите
_9432268
_vN 27
700 _91064
_aБакалов, Георги Иванов
_eпрев. от дат.
852 _aЦб 8.145.48983
_bЦб
856 4 _qpdf
_u
856 4 _qpdf
_u
942 _cKNG
_n0
_2udc
_s1
944 _aCR
_c2021-06-25
_kК.Д.